[Event "Redbus KO"]
[Site "Southend"]
[Date "1999.04.05"]
[Round "4.2"]
[White "Lalic, Bogdan"]
[Black "Plaskett, H James"]
[Result "1/2-1/2"]
[WhiteElo "2549"]
[BlackElo "2483"]
[Annotator "Alterman,B"]
[PlyCount "43"]
[EventDate "1999.04.??"]
[EventType "k.o."]
[EventRounds "4"]
[EventCountry "ENG"]
[SourceTitle "CBM 071"]
[Source "ChessBase"]
[SourceDate "1999.08.01"]
[SourceVersion "1"]
[SourceVersionDate "1999.08.01"]
[SourceQuality "1"]

1. Nf3 c5 2. c4 Nf6 3. Nc3 e6 4. g3 Nc6 5. Bg2 d5 6. cxd5 Nxd5 7. O-O Be7 8. d4
O-O 9. Nxd5 exd5 10. dxc5 Bxc5 11. Bg5 f6 12. Bd2 Bb6 (12... Qe7 13. Bc3 Rd8
14. e3 Bf5 15. Rc1 Be4 16. Re1 Bb6 17. a3 Rac8 18. Bh3 Rc7 19. Nd2 Bg6 20. Qg4
Re8 21. Bg2 Rd7 22. h4 Qf7 23. Nf3 Rde7 24. Rcd1 {1/2-1/2 Agdestein,S-Alburt,L/
Taxco izt 1985/IZT (38)}) (12... Be6 13. e3 Qb6 14. Rc1 d4 15. exd4 Nxd4 16. b4
Nxf3+ 17. Qxf3 Bd6 18. a3 Rf7 19. Qd3 Bf8 20. Be3 Qd6 21. Qb5 a6 22. Qa5 Rd7
23. Bf4 Qd3 24. Bc7 {1-0 Chernin,A-Dlugy,M/Tunis izt 1985/IZT (43)}) 13. b4 {
A fashionable continuation, but I am sure, it doesn't produce any real
troubles for black.} (13. a4 Re8 14. b4 a6 15. e3 Bf5 16. Qb3 Be4 17. Rfd1 Kh8
18. Bc3 Qc8 19. a5 Ba7 20. b5 axb5 21. Qxb5 Bb8 22. Bd4 Bd6 23. Bb6 Bf8 24.
Rdc1 Qd7 25. Nd4 {1-0 Adorjan,A-Utasi,T/Szirak 1985/MCD-r8 (33)}) (13. Bc3 Bg4
14. h3 Bf5 15. Nd4 Bxd4 16. Bxd4 Re8 17. e3 Qd7 18. Bc3 Rad8 19. Qh5 Bg6 20.
Qg4 Bf5 21. Qh5 Bg6 22. Qg4 Bf5 {1/2-1/2 Lombardy,W-Weinstein,N/USA-ch
Pasadena 1978/MCD-ch}) (13. Qb3 Re8 14. e3 Be6 15. Qa4 Qd7 16. Bc3 Rad8 17. Qh4
Bf5 18. Nd4 Bxd4 19. Bxd4 Be4 20. Bh3 Nxd4 21. exd4 Qa4 22. Rfd1 Qb4 23. Qf4
Qxb2 24. Qc7 Qe2 25. Bg2 Bxg2 26. Kxg2 Qe4+ 27. Kg1 {Beckhuis,G-Farago,I/
Muenster op 1996/EXP 55/0-1 (51)}) (13. e3 Bf5 14. Bc3 Be4 15. Bh3 Qe7 16. Bd4
Ne5 17. Nxe5 fxe5 18. Bxb6 Bf3 19. Qb3 axb6 20. Rac1 Qd6 21. Bg2 Bxg2 22. Kxg2
Kh8 23. Rfd1 {Bern,I-Butnorius,A/Oslo-B 1992/EXP 28/0-1 (54)}) 13... Be6 {
[%mdl 2052]} 14. b5 Ne5 15. Bc3 {Another way} (15. Bb4 Re8 16. Nd4 Bf7 {
[%csl Gc4] And black has a good counterplay.}) 15... Nxf3+ 16. Bxf3 Qd7 17. a4
Rfc8 {Black has good position, and maybe he can start to think about more than
draw.} (17... Rac8 $5 18. Qd2 d4 19. Bb2 Rfd8 {But the position is still equal.
}) 18. Qd2 Rc4 (18... d4 $5 19. Bb2 Bd5) 19. Rfc1 Rac8 20. Bb2 {This move
forced the draw. Maybe stronger was} (20. e3 $5) 20... Rxc1+ 21. Rxc1 Rxc1+ 22.
Bxc1 1/2-1/2

[Event "Tan Chin Nam Cup 5th"]
[Site "Shenyang"]
[Date "1999.07.08"]
[Round "1"]
[White "Wu, Shaobin"]
[Black "Wang, Zili"]
[Result "1/2-1/2"]
[WhiteElo "2496"]
[BlackElo "2524"]
[Annotator "Alterman,B"]
[PlyCount "55"]
[EventDate "1999.07.08"]
[EventType "tourn"]
[EventRounds "9"]
[EventCountry "CHN"]
[EventCategory "13"]
[SourceTitle "CBM 073"]
[Source "ChessBase"]
[SourceDate "1999.12.01"]
[SourceVersion "1"]
[SourceVersionDate "1999.12.01"]
[SourceQuality "1"]

1. Nf3 Nf6 2. c4 c5 3. Nc3 Nc6 4. g3 d5 5. d4 e6 6. cxd5 Nxd5 7. Bg2 Nf6 (7...
Nxc3 8. bxc3 cxd4 9. cxd4 Bb4+ 10. Bd2 Be7 (10... Bxd2+ 11. Qxd2 $14) 11. O-O
O-O (11... Nxd4 $2 12. Qa4+ Nc6 13. Ne5 Bd7 (13... Qxd2 14. Nxc6 Bd7 15. Rad1 {
and 16.Rxd7}) 14. Bxc6 bxc6 15. Qa5) 12. Rb1 $5 (12. e3 $1) (12. Bc3 $1) 12...
Nxd4 13. Nxd4 Qxd4 14. Qc2 Qc5 15. Qxc5 (15. Qa4 Bd7 16. Qxd7 Rad8 $10) (15.
Qe4 Qa3 16. Qc2 Qc5 $10) 15... Bxc5 {1/2-1/2 Petrosian,T-Spassky,B/Moscow 1966/
MainBase/[Bulletin] (15)}) (7... Nb6 8. e3 Be7 9. Ne5 Nxe5 10. dxe5 Qxd1+ 11.
Kxd1 O-O 12. Ke2 Nc4 13. f4 Rb8 14. b3 Na5 15. Nb5 Bd7 16. Nd6 Bc6 17. Bxc6
Nxc6 18. Ne4 {1-0 Ehlvest,J-Chandler,M/Reykjavik 1991/CBM 26 (35)}) 8. e3 Be7
9. O-O O-O 10. a3 (10. dxc5 Bxc5 11. a3 e5 12. Qc2 Qe7 13. Ng5 g6 14. b4 Bb6
15. Nge4 Be6 16. Nxf6+ Qxf6 17. Nd5 Bxd5 18. Bxd5 Rac8 19. Qe4 Qf5 20. Qxf5 {
1-0 Flohr,S-Lengyel,L/Balatonfured 1960/EXT 98 (38)}) 10... cxd4 11. Nxd4 $6 {
Only help for black to finish development .Much better seems} (11. exd4 $1 Qb6
12. Qd3 Rd8 13. Be3 Ng4 14. b4 a6 15. Rad1 Nxe3 16. fxe3 Qa7 17. Kh1 h6 18. Ne4
Bd7 19. g4 e5 20. g5 exd4 21. exd4 Bf5 22. gxh6 {1-0 Mikhalchishin,A-Lalic,B/
Sarajevo 1985/MCD (33)}) 11... Bd7 (11... Nxd4 12. exd4 Nd5 13. Qb3 $16) 12.
Qe2 (12. Nxc6 Bxc6 13. Bxc6 bxc6 14. Qc2 Qa5 $132 {[%csl Gf3,Gg2,Gh3,Yh5][%cal
Ra5h5,Gf8d8]}) 12... Nxd4 13. exd4 Bc6 $15 {[%csl Rd4] Now white should think
about quality,because they has no real compensation for the isoliated pawn on
"d4"} 14. Bxc6 bxc6 15. Rd1 Qa5 16. Ne4 Rfd8 17. Nxf6+ Bxf6 18. Be3 Rd6 19.
Rac1 Rad8 20. Qc2 h6 {[%mdl 16]} (20... h5 21. Qc5) 21. Rd2 (21. b4 Qb5 (21...
Qxa3 $2 22. Ra1)) 21... e5 (21... Qh5 $5 $15 {[%cal Gh5f3]}) 22. Qc3 $1 {
[%mdl 256] Only by tactics white achive exchanging of many pieces and drawing
prospects.} Qxc3 (22... Qb5 $5 23. dxe5 Rxd2 24. Bxd2 Bxe5 25. Qa5 $8) 23. bxc3
a5 24. Rb2 a4 25. Rb4 exd4 26. cxd4 Bxd4 27. Bxd4 Rxd4 28. Rcc4 {[%csl Ra4,Rc6]
} 1/2-1/2

[Event "Petermaennchen GM"]
[Site "Schwerin"]
[Date "1999.08.11"]
[Round "4"]
[White "Uhlmann, Wolfgang"]
[Black "Luther, Thomas"]
[Result "1/2-1/2"]
[WhiteElo "2461"]
[BlackElo "2507"]
[Annotator "Alterman,B"]
[PlyCount "45"]
[EventDate "1999.08.09"]
[EventType "tourn"]
[EventRounds "9"]
[EventCountry "GER"]
[EventCategory "10"]
[SourceTitle "CBM 073"]
[Source "ChessBase"]
[SourceDate "1999.12.01"]
[SourceVersion "1"]
[SourceVersionDate "1999.12.01"]
[SourceQuality "1"]

1. c4 e6 2. Nc3 Nf6 3. Nf3 d5 4. d4 c5 5. cxd5 Nxd5 6. e4 Nxc3 7. bxc3 cxd4 8.
cxd4 Bb4+ 9. Bd2 Bxd2+ 10. Qxd2 O-O 11. Bc4 Nc6 12. O-O e5 (12... Qf6 13. Rfd1
Rd8 14. Qe3 b6 15. Rac1 Bb7 16. d5 exd5 17. Bxd5 Na5 18. Rc7 Bxd5 19. exd5 Qd6
20. Qc3 Rd7 21. Rc8+ Rxc8 22. Qxc8+ Rd8 23. Qf5 {0-1 Rotunno,E-Alekhine,A/
Buenos Aires 1939/HCL (55)}) (12... a6 13. Rac1 b5 14. Bxe6 Nxd4 15. Bxf7+ Rxf7
16. Qxd4 Bb7 17. Rfd1 Qe7 18. Ne5 Rff8 19. f3 Rfe8 20. Ng4 Bc8 21. Ne3 Be6 22.
Nd5 $18 {1/2-1/2 Trifunovic,P-Gilg,K/Prague 1937/HCL (83)}) (12... Na5 13. Bd3
b6 14. Rac1 Bb7 15. Rfd1 Qe7 16. Qf4 Qa3 17. Rc7 Rac8 18. Rxc8 Rxc8 19. Ng5 Rf8
20. Qg3 $13 {1/2-1/2 Corral,H-Bernstein,O/Montevideo 1954/MCL (29)}) 13. d5 Na5
14. Rac1 {'!?' Gurevich,M.} (14. Qb4 f6 15. Rfc1 b6 16. Nd2 Bd7 {'!?' Gurevich,
M.} (16... Rf7 $5 17. Bb5 (17. Rc3 Nb7 18. Bb5 Nc5 19. Bc6 Bb7 $13) (17. d6
Nxc4 18. Nxc4 Be6 19. Ne3 Rc8 $13) 17... Qf8 $6 (17... Bd7 $142 18. Ba6 Bc8 $13
) 18. a3 $6 (18. Qxf8+ Kxf8 19. Rc3 Bd7 20. Ba6 Ke7 21. Rac1 Kd6 22. f3 $14)
18... Bd7 {1/2-1/2 Gurevich,M-Kveinys,A/Bonn 1995/EXT 97/[Gurevich,M] (23)})
17. Ba6 Bc8 18. Bb5 Bd7 19. Nb3 Nxb3 20. axb3 Bxb5 21. Qxb5 f5 22. Qd3 Qd7 23.
f3 fxe4 24. fxe4 Rac8 25. h3 a5 26. Qa6 Rb8 27. Rc6 Qf7 28. Rf1 Qxf1+ 29. Qxf1
{1/2-1/2 Zagorskis,D-Kveinys,A/Bonn 1996/CBM 56 (35)}) (14. Be2 f6 15. Qb4 b6
16. Nd2 Nb7 17. Bb5 Qd6 18. a3 Nc5 19. Nc4 Qc7 20. Ne3 Bd7 21. Bxd7 Qxd7 22. a4
Rfc8 $11 {0-1 Huzman,A-Kveinys,A/Vilnius 1995/CBM 50 ext (39)}) (14. Nxe5 Re8
15. Qd4 Rxe5 (15... Qb6 16. Qc3 Qc5 17. Rfc1 Nxc4 18. Qxc4 Qxc4 19. Nxc4 $16
Rxe4 20. Nd6 $18) 16. Qxe5 Nxc4 17. Qd4 b5 $5 (17... Nd6 18. e5 Nf5 19. Qe4 $14
) 18. a4 Nd6 $13 (18... Bd7 19. axb5 Bxb5 20. Rxa7 $16)) 14... f6 15. Qb4 b6
16. d6+ {Not so easy to find any advantage and after normal,but} (16. Be2 Nb7
17. Nd2 Nc5 18. Nb3 a5 19. Qc4 Ba6 20. Qc2 Nxb3 21. axb3 Rc8 22. Qd2 Bxe2 23.
Qxe2 $14 {White still has some advantage.}) 16... Nxc4 17. Qxc4+ Rf7 18. Rfd1
Qe8 $1 {[%mdl 32]} (18... Bd7) 19. Qb4 Be6 20. a4 Rd7 21. Nd2 Rc8 22. Nf1 Qd8
23. Rxc8 (23. Rxc8 Qxc8 24. a5 $11 (24. Ne3 Qc6 25. f3 Rd8 $15)) 1/2-1/2

[Event "VISA Nordic GP Final"]
[Site "Gentofte"]
[Date "1999.08.18"]
[Round "11"]
[White "Agdestein, Simen"]
[Black "Westerinen, Heikki MJ"]
[Result "0-1"]
[WhiteElo "2580"]
[BlackElo "2382"]
[Annotator "Alterman,B"]
[PlyCount "84"]
[EventDate "1999.08.05"]
[EventType "tourn"]
[EventRounds "13"]
[EventCountry "DEN"]
[EventCategory "9"]
[SourceTitle "CBM 073"]
[Source "ChessBase"]
[SourceDate "1999.12.01"]
[SourceVersion "1"]
[SourceVersionDate "1999.12.01"]
[SourceQuality "1"]

1. d4 d5 2. c4 c5 3. cxd5 Nf6 4. Nc3 Nxd5 5. e4 Nxc3 6. bxc3 cxd4 7. cxd4 e6 8.
Nf3 Bb4+ 9. Bd2 Bxd2+ 10. Qxd2 O-O 11. Be2 b6 12. O-O Bb7 13. Qf4 Qf6 (13...
Nc6 14. Rfd1 Ne7 (14... Qf6 15. Qe3 Rfd8 16. Rd2 Rac8 17. Rad1 Na5 18. Ne5 Rc7
19. f4 Qe7 20. d5 exd5 21. exd5 Qc5 22. Kf2 Qxe3+ 23. Kxe3 f6 24. Nf3 {1-0
Quinteros,M-Pachman,L/Netanya 1983/MCL (58)}) 15. Rac1 Ng6 16. Qe3 Qd7 17. h4
Rfc8 18. h5 Ne7 19. Ne5 Qd8 20. h6 Ng6 21. Ng4 Rxc1 22. Rxc1 Rc8 23. Rxc8 Bxc8
24. hxg7 {1-0 Lilienthal,A-Tylor,T/Hastings 1933/HCL (41)}) 14. Qe3 (14. Qxf6
gxf6 15. e5 (15. Bd3 Nc6 16. Rad1 Rac8 17. Rfe1 Rfd8 18. Bb1 Ne7 19. Re3 Rc4
20. a3 f5 21. exf5 Bxf3 22. Rxf3 Rcxd4 23. Re1 Rd1 24. Kf1 Nxf5 25. Bxf5 exf5
26. Rxf5 {1/2-1/2 Wehmeier,S-Luther,T/Lippstadt 1997/CBM 59 ext (26)}) 15...
fxe5 16. dxe5 Nd7 17. Rfe1 Rfd8 18. Rad1 Nf8 19. Ng5 h6 20. Nh3 Rxd1 21. Rxd1
Bd5 22. Nf4 {1/2-1/2 Portisch,L-De Greiff,B/Munich 1958/MCD (22)}) 14... Nc6
15. Rad1 (15. Bb5 Rfd8 (15... Rac8 16. Rac1 Rfd8 17. Rfd1 Na5 18. Rxc8 Rxc8 19.
d5 exd5 20. exd5 Qd6 21. Ng5 h6 22. Ne4 Qb4 23. Be2 Kf8 24. Bf3 Rd8 25. Ng3 {
1/2-1/2 Pomar Salamanca,A-Pachman,L/Tel Aviv 1964/MCD (52)}) 16. Bxc6 Bxc6 17.
Ne5 Bb7 {1/2-1/2 Pomar Salamanca,A-O'Kelly de Galway,A/Leipzig 1960/EXT 99 (17)
}) 15... Rfd8 16. Rd2 Rdc8 17. Rfd1 {Looks dubious.White has clear advantage
in the centre,but they should play more active ,after} (17. d5 $1 exd5 18. exd5
Ne7 (18... Re8 19. dxc6 Rxe3 20. cxb7 $18) 19. d6 Nd5 20. Qe5 Rc5 (20... Qxe5
21. Nxe5) 21. d7 Qd8 $1 22. Qd6 Nf6 23. Rd4 Bd5 24. Rfd1 $1 $13 {White has a
very unpleasant pressure.}) 17... Nb4 {[%mdl 2048]} 18. Ne1 h6 19. f4 Rc7 20.
a3 Nc6 21. Nf3 Rac8 $15 {[%cal Gc6a5,Yc7c3]} 22. e5 Qe7 23. f5 Na5 24. f6 Qf8 {
[%mdl 256]} 25. h4 (25. fxg7 Qxg7 26. Ne1 Nc4 (26... Qg5) 27. Bxc4 Rxc4 28. Qf2
$15) 25... Rc3 26. Qf4 Nb3 27. Rb2 Bd5 28. fxg7 Qxg7 $17 29. Rf1 Nc1 $1 {
Easy to see than black improve position and white has no attack.Clear position
advantage help for black  finish this game without problem.} 30. Ba6 Nd3 31.
Bxd3 Rxd3 32. Rbf2 Rxa3 33. Kh2 Rcc3 34. g4 Re3 $1 $19 {[%mdl 64]} (34... Rxf3
35. Rxf3 Bxf3 36. Rxf3 Rxf3 37. Qxf3 $17) 35. Ng1 Re4 36. Qxf7+ Qxf7 37. Rxf7
Rxg4 {[%cal Gg4g2,Rg4h4]} 38. Rf8+ Kh7 39. R1f7+ Kg6 40. Rg8+ Kh5 41. Rxg4 Kxg4
42. Rf2 b5 0-1

[Event "Alekhine Memorial"]
[Site "Moscow"]
[Date "1992.??.??"]
[Round "?"]
[White "Anand, Viswanathan"]
[Black "Timman, Jan H"]
[Result "1-0"]
[WhiteElo "2690"]
[BlackElo "2665"]
[Annotator "Anand,V"]
[PlyCount "49"]
[EventDate "1992.11.??"]
[EventType "tourn"]
[EventRounds "7"]
[EventCountry "RUS"]
[EventCategory "18"]
[SourceTitle "CBM 033"]
[Source "ChessBase"]
[SourceDate "1993.04.01"]
[SourceVersion "1"]
[SourceVersionDate "1993.04.01"]
[SourceQuality "1"]

1. e4 {Ftacnik} c6 {Jan plays a different opening against me everytime. He has
played the Alekhine ,Rauser,French,Pirc. I don't bother preparing for him
anymore!} 2. d4 d5 3. exd5 {I had lost against him with 3.e5 in the Immopar
trophy. He seemed comfortable with the resulting positions so I chose the
Panov.} cxd5 4. c4 Nf6 5. Nc3 e6 6. Nf3 Be7 7. cxd5 Nxd5 8. Bc4 O-O 9. O-O Nc6
(9... Nxc3 10. bxc3 Nd7 {Is also playable but Jan wanted to enter the main line
}) 10. Re1 Nxc3 (10... a6 11. Bb3 Nxc3 12. bxc3 b5 13. Qd3 Bb7 14. Bc2 g6 15.
Bh6 Re8 16. Rad1 Rc8 17. h4 Qd5 {Matveeva-Anand Frunxe 1987! So though Jan's
planned idea is new I wasn't  completely taken aback}) 11. bxc3 b6 12. Bd3 Bb7
13. h4 Qd5 $1 {Jan told me he had prepared this idea more than 10 years back
but couldn't remember his preparation!} (13... Bxh4 14. Nxh4 Qxh4 15. Re3 $40 (
15. Re4 $1 $40 {Razuvaev}) (15. Re4 $1 $40 {Ftacnik})) (13... Bf6 14. Ng5 g6
15. Qg4 $40) 14. Rb1 {To be honest I hadn't worked out the complications after
14...Qa2 but I felt that White was not short of compensation.} (14. Ng5 {
Ftacnik} Bxg5 15. Bxg5 Ne7 $1) (14. c4 {Ftacnik} Qd6 15. d5 Nb4) 14... Rac8 (
14... Qxa2 {Show me!} 15. Rb5 Ba6 (15... Bf6 16. Ng5 $40) 16. Rb2 (16. Bb1 Qc4
$1 (16... Qa1 17. Rb2 {/\Qc2} (17. Bb2 Qxb1 18. Qxb1 Bxb5 19. Ba3 $1 $14) 17...
Qa5 18. Ra2 Qb5 19. Be4 $16) 17. Bd3 Qa2 $10 (17... Qxc3 18. Bb2 Qxd3 19. Qxd3
$18)) 16... Qa5 (16... Qa1 17. Bb1 $16) 17. c4 $1 $44 (17. Ne5 Nxe5 18. Rxe5 b5
$13)) 15. Rb5 Qd6 16. d5 $2 {Completely unnecessary complications} (16. Ng5 {
More sensible} Bxg5 $8 (16... h6 17. Nh7 $40) (16... g6 $2 {and now it's
appropriate to quote Fine after 17.Nh7 - `combinations are as a baby's smile'})
17. Rxg5 f5 (17... Ne7 $4 18. Bxh7+ Kxh7 19. Qh5+ Kg8 20. Rxg7+ Kxg7 21. Bh6+
Kg8 22. Qg5+ Ng6 23. Qf6 $18) 18. Qa4 (18. Qb3 {Doesn't have the intented
effect because Black has a nice exchange `sac'} Na5 19. Ba3 Qd5 $1 20. Qxd5
Bxd5 21. Bxf8 Kxf8 $44) 18... Rf6 $140 (18... Rfe8 19. Ba3 Qd7 20. d5 Qxd5 21.
Bc4 $36) 19. Ba3 Qd7 20. d5 $1 Qxd5 (20... exd5 21. Re7 Qxe7 22. Bxe7 Nxe7 23.
Qd7 $18) 21. Bc4 Qd7 22. Rxf5 $1 {This variation is not forced of course but
White seems to be better}) (16. Rh5 {I don't believe this move but it's worth
a laugh} g6 17. Rh6 Bf6 18. h5 Kg7 (18... Bg7 19. Rxh7 (19. hxg6 hxg6 20. Rh3)
19... Kxh7 20. hxg6+ fxg6 21. Ng5+ Kg8 22. Bxg6 $40) 19. Ng5 Bxg5 20. Bxg5 $13)
16... Ba6 $2 (16... exd5 $2 17. Rxd5 Qc7 18. Rd7 $1 $18) (16... Rfd8 17. Ng5 $1
(17. dxc6 Bxc6 18. Ne5 Bxb5 19. Bxh7+ Kxh7 20. Qh5+ Kg8 21. Qxf7+ Kh7 22. Bh6
Bf6 $10) 17... Bxg5 (17... h6 18. Nxf7 Kxf7 19. Rxe6 $18) (17... g6 18. Nxf7
Kxf7 19. Rxe6 Qd7 20. h5 $1 $40) 18. Bxg5 Ne7 (18... f6 19. Rxe6 $18) 19. dxe6
fxe6 (19... Qxd3 $2 20. exf7+ Kxf7 21. Rxe7+ Kf8 22. Qxd3 Rxd3 23. Rxb7 $18) (
19... f6 $2 20. Bxh7+ Kxh7 21. Qh5+ Kg8 22. Qf7+ Kh7 23. Bxf6 $18) 20. Bxh7+
Kxh7 21. Qxd6 Rxd6 22. Bxe7 Rd5 $1 $14 {Black has good chances to hold}) (16...
Nd8 $1 17. c4 (17. dxe6 Nxe6 $15) (17. Ng5 Bxg5 18. Bxg5 Rxc3 $1 $15 (18...
Bxd5 19. c4) (18... exd5 19. Be7)) 17... exd5 $1 (17... a6 $2 18. Rb3 exd5 19.
Ba3 $16) 18. cxd5 (18. Nd4 g6 19. Qg4 $140 h5 $1) 18... a6 19. Rb1 (19. Nd4 g6
20. Qg4 h5) (19. Nd4 $1 $13 {Ftacnik}) 19... Bxd5 20. Bxa6 Ra8 21. Bf4 $1 Qxf4
22. Qxd5 Rxa6 23. Rxe7 $10) 17. dxc6 Rfd8 (17... Rxc6 {Ftacnik} 18. Qc2 Bxb5
19. Bxb5 $16) 18. Qa4 $18 Qxd3 19. Qxa6 Rxc6 20. Be3 $1 $18 {In my match
against Karpov I would have had no difficulty in drawing this position but
this time I was more accurate!} (20. Bg5 f6 $16) (20. Ne5 Qxc3) (20. Ra5 Qxc3
21. Rae5) 20... Bf6 (20... Rxc3 {Leads to a curious echo of the game
continuation} 21. Ne5 Ra3 22. Qb7 Qxb5 23. Qxe7 $18) 21. Bd4 Bxd4 22. cxd4 Rc3
23. a4 Ra3 24. Qxa7 $1 Qxb5 25. Qe7 {An odd occurence-forking two rooks.} (25.
Qe7 $1 {Ftacnik} Qd7 26. Qxa3) 1-0